000 01504nam a22004097a 4500
003 AR-RoUNA
005 20260526124730.0
008 260506b |||||||| |||| 00| 0 spa d
020 _a978-987-3779-74-9
040 _aAR-RoUNA
_bspa
_dAR-RoUNA
041 _aspa
044 _aag
100 1 _aCarpman, Jorge
_925003
245 1 0 _aFundar 40 años
_b: un desafío urbano /
_cJorge Carpman; Angel Seggiaro; Daniel Verger; coordinación general de León Carpman; Fabián Ruiz
250 _a1a. ed.
260 _aCiudad Autónoma de Buenos Aires (Argentina:
_bBisman Ediciones,
_c2026
300 _a560 p. :
_bfot. col.
_bplantas
_c23x23 cm.
505 0 _tINDICE
505 0 _tLA VISION DE LOS SOCIOS FUNDADORES
505 0 _tPROLOGOS
505 0 _aJorge Carpman / El desafío de una pasión compartida. p. 12
505 0 _aAngel Seggiaro / Hace ciudad, mirar hacia adelante. p. 14
505 0 _aDaniel Verger / La seducción del oficio. p. 16
505 0 _t40 AÑOS: UNA HISTORIA CON FUTURO
505 0 _aAníbal Fucaraccio / El futuro, en perspectiva. p. 20
505 0 _t40 AÑOS: UNA TRAYECTO RECORRIDO
505 0 _aHernán Bisman / 40 años, el trayecto recorrido. p. 36
700 1 _aSeggiaro, Angel
_925004
700 1 _aVerger, Daniel
_925005
700 1 _aCarpman, León
_927715
_eCoord.
700 1 _aRuiz, Fabián
_927716
_eCoord.
908 _aImp
930 _e12326
942 _2udc
_cLIB
945 _d2026-05-06
980 _65
_aMaría Machado
_85
_gMaría Machado
999 _c12399
_d12399